LEADER 04622 am 22007453u 450 001 9910220025103321 005 20240207123936.0 010 $a3-319-60768-5 024 7 $a10.1007/978-3-319-60768-9 035 $a(CKB)3710000001632924 035 $a(DE-He213)978-3-319-60768-9 035 $a(MiAaPQ)EBC5590549 035 $a(Au-PeEL)EBL5590549 035 $a(OCoLC)1066537239 035 $a(oapen)https://directory.doabooks.org/handle/20.500.12854/35833 035 $a(EXLCZ)993710000001632924 100 $a20170803d2017 u| 0 101 0 $aeng 135 $aur||#---mamaa 181 $ctxt$2rdacontent 182 $cc$2rdamedia 183 $acr$2rdacarrier 200 10$aEducation for Children with Disabilities in Addis Ababa, Ethiopia$b[electronic resource] $eDeveloping a Sense of Belonging /$fby Margarita Schiemer 205 $a1st ed. 2017. 210 $aCham$cSpringer Nature$d2017 210 1$aCham :$cSpringer International Publishing :$cImprint: Springer,$d2017. 215 $a1 online resource (xix, 200 pages) $c29 illustrations, 20 illustrations in color; digital, PDF file(s) 225 1 $aInclusive Learning and Educational Equity,$x2512-1499 ;$v4 311 $a3-319-60767-7 327 $aAcknowledgments -- Introduction -- 1. How to Make Sense of ?Developing a Sense of Belonging?  through ?Feeling like a Family? in the Light of Cultural and Societal Backgrounds -- 2. Three Reasons for Dealing with Disability, Education and the Majority Word -- 3. Facts and Challenges regarding Grounded Theory, the ICF and Ethical Issues -- 4. Reality Bites: Listening to Children, Parents, Teachers and Other Experts -- 5. The Core Category:  Feeling Like a Family -- 6. Generation of Theory -- 7. Concluding Remarks Related to the Study -- 8. Critical Reflections on the Study -- 9. Integrating the Perspective of the Capability Approach -- 10. Inclusive Education and the UN Convention on the Rights of Persons with Disabilities (UNCRPD) -- 11. Appendix: All about Working with the Data -- References. 330 $aThis book is open access under a CC BY 4.0 license. This book presents insights into the lived realities of children with disabilities in primary schools in Addis Ababa, Ethiopia. It examines specific cultural and societal characteristics of Ethiopia that influence the education of children with disabilities. The book presents findings drawn from interviews with, and participant observation of the schoolchildren, family members, teachers and other ?experts?, and places these findings in a cultural-historical context. The multidimensional approach taken allows for, on the one hand, the provision of a historical grounding of the book, explaining the main historical junctures and their implications for education, and the discussion of the role of culture and society as barriers and facilitators of education. On the other hand, it gives the book a more personal angle, allowing the reader to gain insight into what it means to feel like a family, develop a sense of belo nging, and trying to move toward educational equity.  . 410 0$aInclusive Learning and Educational Equity,$x2512-1499 ;$v4 606 $aSocial structure 606 $aEquality 606 $aSchools 606 $aPeople with disabilities 606 $aEthnology 606 $aSocial Structure, Social Inequality$3https://scigraph.springernature.com/ontologies/product-market-codes/X22010 606 $aSchools and Schooling$3https://scigraph.springernature.com/ontologies/product-market-codes/O52000 606 $aDisability Studies$3https://scigraph.springernature.com/ontologies/product-market-codes/X22280 606 $aEthnology$3https://scigraph.springernature.com/ontologies/product-market-codes/X12070 610 $aSocial sciences 610 $aSocial structure 610 $aSocial inequality 610 $aSchools 610 $aPeople with disabilities 610 $aEthnology 615 0$aSocial structure. 615 0$aEquality. 615 0$aSchools. 615 0$aPeople with disabilities. 615 0$aEthnology. 615 14$aSocial Structure, Social Inequality. 615 24$aSchools and Schooling. 615 24$aDisability Studies. 615 24$aEthnology. 676 $a305 700 $aSchiemer$b Margarita$4aut$4http://id.loc.gov/vocabulary/relators/aut$0928015 801 0$bMiAaPQ 801 1$bMiAaPQ 801 2$bMiAaPQ 906 $aBOOK 912 $a9910220025103321 996 $aEducation for Children with Disabilities in Addis Ababa, Ethiopia$92084839 997 $aUNINA LEADER 03453nam 22006015 450 001 9910298464803321 005 20251116134607.0 010 $a81-322-2395-0 024 7 $a10.1007/978-81-322-2395-5 035 $a(CKB)3710000000415749 035 $a(EBL)2094755 035 $a(SSID)ssj0001500732 035 $a(PQKBManifestationID)11904634 035 $a(PQKBTitleCode)TC0001500732 035 $a(PQKBWorkID)11520392 035 $a(PQKB)10260911 035 $a(DE-He213)978-81-322-2395-5 035 $a(MiAaPQ)EBC2094755 035 $a(PPN)186026609 035 $a(EXLCZ)993710000000415749 100 $a20150518d2015 u| 0 101 0 $aeng 135 $aur|n|---||||| 181 $ctxt 182 $cc 183 $acr 200 14$aThe global financial crisis and the Indian economy /$fby B. L. Pandit 205 $a1st ed. 2015. 210 1$aNew Delhi :$cSpringer India :$cImprint: Springer,$d2015. 215 $a1 online resource (147 p.) 300 $aDescription based upon print version of record. 311 08$a81-322-2394-2 320 $aIncludes bibliographical references at the end of each chapters and index. 327 $aChapter 1: Introduction -- Part A The Systemic Issues of the Global Crisis -- Chapter 2: Genesis of the Global Financial Crisis -- Chapter 3: Financial Liberalization, Economic Development and Regulation -- Chapter 4: Towards a New International Monetary System -- Part B Global Crisis and Indian Economy -- Chapter 5: Monetary Policy Transmission: Cointegration and Vector Error Correction Analysis -- Chapter 6: Monetary Policy and Credit Demand during the Crisis -- Chapter 7: Global Financial Crisis and the Indian Stock Market -- Chapter 8: Indian Economy through the Global Crisis -- Chapter 9:  Conclusions. 330 $aAfter tracing the causes of the global financial crisis, the book focuses on two fundamental systemic issues connected with its manifestation: financial-sector regulation and the problem of the dollar-centric international monetary system, both of which have been widely cited among the important factors leading to the 2008 financial crisis. The important analytical question of monetary policy transmission during the crisis is discussed in depth with the help of appropriate econometric models. The effectiveness of India?s monetary policy during the crisis is examined by specifying an econometric model, and the impact of the crisis on the Indian stock market is modelled on the basis of risk-enhancing and risk-mitigating features. In closing, the impact of the crisis on real sectors of the Indian economy is analysed in detail. 606 $aMacroeconomics 606 $aFinance 606 $aMacroeconomics/Monetary Economics//Financial Economics$3https://scigraph.springernature.com/ontologies/product-market-codes/W32000 606 $aFinance, general$3https://scigraph.springernature.com/ontologies/product-market-codes/600000 615 0$aMacroeconomics. 615 0$aFinance. 615 14$aMacroeconomics/Monetary Economics//Financial Economics. 615 24$aFinance, general. 676 $a330 676 $a332 676 $a339 676 $a657.8333 676 $a658.152 700 $aPandit$b B. L.$4aut$4http://id.loc.gov/vocabulary/relators/aut$01064719 906 $aBOOK 912 $a9910298464803321 996 $aThe Global Financial Crisis and the Indian Economy$92540341 997 $aUNINA